000 00400nam a22001697a 4500
005 20180621100610.0
008 160601b xxu||||| |||| 00| 0 eng d
020 _a81-203-0981-2
041 _aeng
082 _b6728
_a658
100 _aStoner, James A.F. and others
_91635
245 _aManagement
260 _aNew Delhi
_bPHI,
_c2003
300 _a630
650 _aManagement
_9241
942 _cBK
999 _c2342
_d2341